| 000 | 00381nam a2200121Ia 4500 | ||
|---|---|---|---|
| 008 | 220204s9999 xx 000 0 und d | ||
| 082 |
_a338.43.01 _bNRP.23 |
||
| 100 | _aSARKAR, K | ||
| 245 | 0 | _aTrends and price formation mechanism in Indian tea auctions | |
| 260 |
_aThiruvananthapuram _bCentre for Development Studies _c2013 |
||
| 490 | _aNRPPD Discussion paper No.23 | ||
| 942 | _cBK | ||
| 999 |
_c44574 _d44574 |
||